Score 0/20 Timer 03:00
0 Plays Today
Distance Country % Correct
115.5 kmTogo
89.2%
215.0 kmMali
87.1%
599.1 kmAlgeria
86.2%
219.1 kmGhana
85.9%
800.0 kmDemocratic Republic of the Congo
84.6%
571.3 kmCôte d'Ivoire
84.1%
779.5 kmSudan
80.7%
1,137.0 kmGuinea
80.6%
310.0 kmCentral African Republic
80.4%
1,119.5 kmLiberia
78.9%
Distance Country % Correct
128.6 kmBurkina Faso
78.6%
997.3 kmLibya
78.5%
1,004.1 kmSouth Sudan
77.6%
96.0 kmEquatorial Guinea
76.3%
527.6 kmRepublic of the Congo
76%
416.0 kmGabon
75.7%
1,427.4 kmSierra Leone
74.8%
1,042.7 kmMauritania
71.4%
298.5 kmSão Tomé and Príncipe
63.6%
1,109.4 kmAngola
63%
Remove Ads.
Support Sporcle.
Get the best of Sporcle when you Go Orange. This ad-free experience offers more features, more stats, and more fun while also helping to support Sporcle. Thank you for becoming a member.

You're not logged in!

Compare scores with friends on all Sporcle quizzes.
OR
Log In

Sporcle TV

Today on Sporcle TV


Watch our educational content, quiz creation guides, and fun videos on Sporcle TV.

Show Comments

Extras

Top Quizzes Today


Score Distribution

Paid Content

Your Account Isn't Verified!

In order to create a playlist on Sporcle, you need to verify the email address you used during registration. Go to your Sporcle Settings to finish the process.

Report this User

Report this user for behavior that violates our Community Guidelines.

Details: